A guide to fire Ssfety engineering: BIP2007 (Record no. 104602)

MARC details
000 -LEADER
fixed length control field 00367cam a2200145 4500
001 - CONTROL NUMBER
control field L130900
008 - FIXED-LENGTH DATA ELEMENTS--GENERAL INFORMATION
fixed length control field 050914n2003 000 0 eng u
020 ## - INTERNATIONAL STANDARD BOOK NUMBER
International Standard Book Number 0580418960
035 ## - SYSTEM CONTROL NUMBER
System control number (Sirsi) u130900
100 ## - MAIN ENTRY--PERSONAL NAME
Personal name Christian
245 #2 - TITLE STATEMENT
Title A guide to fire Ssfety engineering: BIP2007
260 ## - PUBLICATION, DISTRIBUTION, ETC.
Place of publication, distribution, etc. British Standards Institution
Date of publication, distribution, etc. 2003
350 ## - PRICE (NR) (BK AM CF MU VM SE) [OBSOLETE]
Price 20.00
942 ## - ADDED ENTRY ELEMENTS (KOHA)
Suppress in OPAC 0

No items available.